000 00336nam a2200145Ia 4500
008 230718s9999 xx 000 0 und d
041 _aEng.
082 _a342.34
_bGIN-C
100 _aGino Dal
245 0 _aCharity in Australia
260 _aPakistan
_bOxford university Press
_c1968
300 _a400
650 _aLaw
999 _c27735
_d27735